000
00284nam a2200121Ia 4500
008
190216s9999||||xx |||||||||||||| ||und||
100
_a
John Donne
245
4
_a
The Complete English Poem
260
_b
Penguin Books
_c
1971
300
_a
675p
650
_a
English Poetry
942
_c
BK
999
_c
12865
_d
12865